Active Directory / (Record no. 58723)
[ view plain ]
| 000 -LEADER | |
|---|---|
| fixed length control field | 01819cam a2200421 a 4500 |
| 001 - CONTROL NUMBER | |
| control field | 13447159 |
| 003 - CONTROL NUMBER IDENTIFIER | |
| control field | OSt |
| 005 - DATE AND TIME OF LATEST TRANSACTION | |
| control field | 20140224112509.0 |
| 008 - FIXED-LENGTH DATA ELEMENTS--GENERAL INFORMATION | |
| fixed length control field | 031231s2003 cc a 001 0 eng d |
| 010 ## - LIBRARY OF CONGRESS CONTROL NUMBER | |
| LC control number | 2003284337 |
| 020 ## - INTERNATIONAL STANDARD BOOK NUMBER | |
| International Standard Book Number | 0596004664 |
| 035 ## - SYSTEM CONTROL NUMBER | |
| System control number | (OCoLC)ocm52725047 |
| 040 ## - CATALOGING SOURCE | |
| Original cataloging agency | LPU |
| Transcribing agency | LPU |
| Modifying agency | OCLCQ |
| -- | DLC |
| 042 ## - AUTHENTICATION CODE | |
| Authentication code | lccopycat |
| 050 00 - LIBRARY OF CONGRESS CALL NUMBER | |
| Classification number | QA76.76.O63 |
| Item number | A45 2003 |
| 082 00 - DEWEY DECIMAL CLASSIFICATION NUMBER | |
| Classification number | 005.268 |
| Edition number | 22 |
| 100 1# - MAIN ENTRY--PERSONAL NAME | |
| Personal name | Allen, Robbie. |
| 9 (RLIN) | 25539 |
| 240 10 - UNIFORM TITLE | |
| Uniform title | <a href="Windows 2000 Active Directory">Windows 2000 Active Directory</a> |
| 245 10 - TITLE STATEMENT | |
| Title | Active Directory / |
| Statement of responsibility, etc | Robbie Allen and Alistair G. Lowe-Norris. |
| 250 ## - EDITION STATEMENT | |
| Edition statement | 2nd ed. |
| 260 ## - PUBLICATION, DISTRIBUTION, ETC. (IMPRINT) | |
| Place of publication, distribution, etc | Beijing ; |
| -- | Sebastopol, Calif. : |
| Name of publisher, distributor, etc | O'Reilly, |
| Date of publication, distribution, etc | c2003. |
| 300 ## - PHYSICAL DESCRIPTION | |
| Extent | xvii, 665 p. : |
| Other physical details | ill. ; |
| Dimensions | 24 cm. |
| 500 ## - GENERAL NOTE | |
| General note | Earlier ed. published under title: Windows 2000 Active Directory. 2000. |
| 500 ## - GENERAL NOTE | |
| General note | "Design and deployment of Microsoft's Active Directory"--Cover. |
| 500 ## - GENERAL NOTE | |
| General note | "Covers Windows 2000 & Windows Server 2003"--Cover. |
| 500 ## - GENERAL NOTE | |
| General note | Includes index. |
| 630 00 - SUBJECT ADDED ENTRY--UNIFORM TITLE | |
| Uniform title | Microsoft Windows (Computer file) |
| 9 (RLIN) | 25540 |
| 650 #0 - SUBJECT ADDED ENTRY--TOPICAL TERM | |
| Topical term or geographic name as entry element | Operating systems (Computers) |
| 9 (RLIN) | 25541 |
| 650 #0 - SUBJECT ADDED ENTRY--TOPICAL TERM | |
| Topical term or geographic name as entry element | Local area networks (Computer networks) |
| General subdivision | Management. |
| 9 (RLIN) | 25542 |
| 650 #0 - SUBJECT ADDED ENTRY--TOPICAL TERM | |
| Topical term or geographic name as entry element | Directory services (Computer network technology) |
| 9 (RLIN) | 25543 |
| 700 1# - ADDED ENTRY--PERSONAL NAME | |
| Personal name | Lowe-Norris, Alistair G. |
| 9 (RLIN) | 25544 |
| 856 42 - ELECTRONIC LOCATION AND ACCESS | |
| Materials specified | Contributor biographical information |
| Uniform Resource Identifier | <a href="http://www.loc.gov/catdir/enhancements/fy0913/2003284337-b.html">http://www.loc.gov/catdir/enhancements/fy0913/2003284337-b.html</a> |
| 856 42 - ELECTRONIC LOCATION AND ACCESS | |
| Materials specified | Publisher description |
| Uniform Resource Identifier | <a href="http://www.loc.gov/catdir/enhancements/fy0915/2003284337-d.html">http://www.loc.gov/catdir/enhancements/fy0915/2003284337-d.html</a> |
| 856 41 - ELECTRONIC LOCATION AND ACCESS | |
| Materials specified | Table of contents only |
| Uniform Resource Identifier | <a href="http://www.loc.gov/catdir/enhancements/fy1009/2003284337-t.html">http://www.loc.gov/catdir/enhancements/fy1009/2003284337-t.html</a> |
| 906 ## - LOCAL DATA ELEMENT F, LDF (RLIN) | |
| a | 7 |
| b | cbc |
| c | copycat |
| d | 2 |
| e | ncip |
| f | 20 |
| g | y-gencatlg |
| 942 ## - ADDED ENTRY ELEMENTS (KOHA) | |
| Source of classification or shelving scheme | Library of Congress Classification |
| Koha item type | Books |
| Withdrawn status | Lost status | Source of classification or shelving scheme | Damaged status | Not for loan | Collection code | Home library | Current library | Shelving location | Date acquired | Source of acquisition | Cost, normal purchase price | Total Checkouts | Full call number | Barcode | Date last seen | Date checked out | Copy number | Price effective from | Koha item type |
|---|---|---|---|---|---|---|---|---|---|---|---|---|---|---|---|---|---|---|---|
| Library of Congress Classification | General Circulation | AIU/NEGST - Tony Wilmot Memorial Library | AIU/NEGST - Tony Wilmot Memorial Library | General Stacks | 02/24/2014 | Donation - Mesfin Teshome | 42.00 | 2 | QA 76.76.O63 A45 2003 | R28610F3232 | 01/06/2021 | 01/04/2021 | 1 | 02/24/2014 | Books |
